First course in the theory of equations
Uloženo v:
| Hlavní autor: | |
|---|---|
| Médium: | Kniha |
| Jazyk: | angličtina |
| Vydáno: |
Nueva York
John Wiley & Sons
1922
|
| Témata: | |
| Tagy: |
Přidat tag
Žádné tagy, Buďte první, kdo vytvoří štítek k tomuto záznamu!
|
MARC
| LEADER | 00000nam a2200000 a 4500 | ||
|---|---|---|---|
| 001 | UCU3170 | ||
| 003 | CL-VaPUC | ||
| 008 | 960502e19220000US |||||||||||||||||eng|d | ||
| 082 | 0 | 4 | |a 512.94 |b DIC |2 21 |
| 100 | 0 | |a Dickson, Leonard Eugene |e author |9 359948 | |
| 245 | 1 | 0 | |a First course in the theory of equations |
| 300 | |a 168 p | ||
| 942 | |c BK | ||
| 945 | |d 19960502 00:00:00 |a paguirre | ||
| 260 | |a Nueva York |b John Wiley & Sons |c 1922 | ||
| 650 | 0 | |a Ecuaciones |9 260137 | |
| 650 | 7 | |a TEORIA DE ECUACIONES |2 CL-VaPUC |9 270318 | |
| 650 | 7 | |a DETERMINANTES |2 CL-VaPUC |9 359949 | |
| 650 | 0 | |a Ecuaciones lineales |9 342219 | |
| 583 | |a last modification |c 19960502 00:00:00 |k Rodrigo Vera | ||
| 999 | |c 247264 |d 247262 | ||